| 000 -LEADER |
| fixed length control field |
00355 a2200145 4500 |
| 003 - CONTROL NUMBER IDENTIFIER |
| control field |
OSt |
| 005 - DATE AND TIME OF LATEST TRANSACTION |
| control field |
20220307120638.0 |
| 008 - FIXED-LENGTH DATA ELEMENTS--GENERAL INFORMATION |
| fixed length control field |
220307b ||||| |||| 00| 0 eng d |
| 020 ## - INTERNATIONAL STANDARD BOOK NUMBER |
| International Standard Book Number |
9789325971578 |
| 082 ## - DEWEY DECIMAL CLASSIFICATION NUMBER |
| Classification number |
620.112 |
| Item number |
BHA |
| 100 ## - MAIN ENTRY--PERSONAL NAME |
| Personal name |
SS Bhavikatti |
| 245 ## - TITLE STATEMENT |
| Title |
Strength of materials 4th Ed. |
| 260 ## - PUBLICATION, DISTRIBUTION, ETC. (IMPRINT) |
| Name of publisher, distributor, etc |
Vikas Publishing House Pvt Ltd |
| 942 ## - ADDED ENTRY ELEMENTS (KOHA) |
| Source of classification or shelving scheme |
|